<?xml version="1.0" encoding="UTF-8"?>
<record
    xmlns:xsi="http://www.w3.org/2001/XMLSchema-instance"
    xsi:schemaLocation="http://www.loc.gov/MARC21/slim http://www.loc.gov/standards/marcxml/schema/MARC21slim.xsd"
    xmlns="http://www.loc.gov/MARC21/slim">

  <leader>01019nam a22003017a 4500</leader>
  <datafield tag="999" ind1=" " ind2=" ">
    <subfield code="c">169080</subfield>
    <subfield code="d">169080</subfield>
  </datafield>
  <controlfield tag="003">OSt</controlfield>
  <controlfield tag="005">20180806150035.0</controlfield>
  <controlfield tag="007">ta</controlfield>
  <controlfield tag="008">180731b        my a|||b |||| 00| 1 ara d</controlfield>
  <datafield tag="020" ind1=" " ind2=" ">
    <subfield code="c">9786144087626</subfield>
    <subfield code="q">RM240.00</subfield>
    <subfield code="a">set</subfield>
  </datafield>
  <datafield tag="020" ind1=" " ind2=" ">
    <subfield code="a">9786144086346</subfield>
    <subfield code="c">RM30.00</subfield>
    <subfield code="q">hardback</subfield>
  </datafield>
  <datafield tag="040" ind1=" " ind2=" ">
    <subfield code="a">PPAK</subfield>
    <subfield code="b">eng</subfield>
    <subfield code="c">PPAK</subfield>
    <subfield code="e">rda</subfield>
  </datafield>
  <datafield tag="082" ind1="0" ind2="4">
    <subfield code="2">23</subfield>
    <subfield code="a">892.73</subfield>
  </datafield>
  <datafield tag="090" ind1="0" ind2="0">
    <subfield code="a">892.73</subfield>
    <subfield code="b">ALS</subfield>
    <subfield code="d">K</subfield>
  </datafield>
  <datafield tag="245" ind1="0" ind2="0">
    <subfield code="a">&#x644;&#x633;&#x645;&#x643; &#x645;&#x639; &#x631;&#x623;&#x633; &#x643;&#x628;&#x64A;&#x631; = Alsamak mae ras kabir :</subfield>
    <subfield code="b">The fish with a big head /</subfield>
  </datafield>
  <datafield tag="246" ind1="1" ind2="1">
    <subfield code="a">&#x644;&#x633;&#x645;&#x643; &#x645;&#x639; &#x631;&#x623;&#x633; &#x643;&#x628;&#x64A;&#x631; = Alsamak mae ras kabir</subfield>
    <subfield code="b">The fish with a big head </subfield>
  </datafield>
  <datafield tag="264" ind1=" " ind2="1">
    <subfield code="a">Beirut, Lebanon :</subfield>
    <subfield code="b">DIGITAL FUTURE ;</subfield>
    <subfield code="c">[2018?]</subfield>
  </datafield>
  <datafield tag="300" ind1=" " ind2=" ">
    <subfield code="a">50 pages :</subfield>
    <subfield code="b">colour illustrations ;</subfield>
    <subfield code="c">22 cm</subfield>
  </datafield>
  <datafield tag="336" ind1=" " ind2=" ">
    <subfield code="2">rdacontent</subfield>
    <subfield code="a">text</subfield>
  </datafield>
  <datafield tag="337" ind1=" " ind2=" ">
    <subfield code="2">rdamedia</subfield>
    <subfield code="a">unmediated</subfield>
  </datafield>
  <datafield tag="338" ind1=" " ind2=" ">
    <subfield code="2">rdacarrier</subfield>
    <subfield code="a">volume</subfield>
  </datafield>
  <datafield tag="490" ind1="1" ind2=" ">
    <subfield code="a">ANA AQRA' BINAFSI</subfield>
    <subfield code="v">LEVEL 4</subfield>
  </datafield>
  <datafield tag="500" ind1=" " ind2=" ">
    <subfield code="a">Scholastic Arabic Stories Level 4</subfield>
  </datafield>
  <datafield tag="650" ind1="1" ind2="0">
    <subfield code="a">Children&#x2019;s stories, Arabic</subfield>
  </datafield>
  <datafield tag="650" ind1="2" ind2="0">
    <subfield code="a">Didactic fiction, Arabic</subfield>
  </datafield>
  <datafield tag="830" ind1=" " ind2="0">
    <subfield code="a">Ana aqra' binafsi</subfield>
    <subfield code="n">4</subfield>
  </datafield>
  <datafield tag="942" ind1=" " ind2=" ">
    <subfield code="2">ddc</subfield>
    <subfield code="c">B</subfield>
  </datafield>
  <datafield tag="952" ind1=" " ind2=" ">
    <subfield code="0">0</subfield>
    <subfield code="7">0</subfield>
    <subfield code="b">PPAK</subfield>
    <subfield code="c">K</subfield>
    <subfield code="d">2018-12-06</subfield>
    <subfield code="l">1</subfield>
    <subfield code="o">K 892.73 ALS</subfield>
    <subfield code="p">A01586312</subfield>
    <subfield code="r">2020-07-16 00:00:00</subfield>
    <subfield code="s">2020-06-24</subfield>
    <subfield code="y">B</subfield>
  </datafield>
</record>
